Jeux vidéo en image - G - Statistiques

Statistiques générales
  • Ce quiz a été pris 123 fois
    120 depuis la dernière actualisation
  • Le résultat moyen est 9 sur 20
Statistiques - réponses
Par images Réponse % Correct
Grand Theft Auto V
100%
God of War
92%
Goat simulator
90%
Geometry dash
84%
Ghost Of Tsushima
75%
Genshin Impact
70%
Golden Eye 007
49%
Ghost Recon Wildlands
46%
Gang Beasts
44%
Grounded
44%
Garry's Mod
43%
Gears Of War 4
37%
Ghostrunner
32%
GRIS
31%
Guitar Hero
29%
Ghostwire: Tokyo
27%
Gotham Knights
27%
Green Hell
15%
Guilty Gear Strive
9%
GTFO
4%
Aucun quiz correspondant
Distribution des résultats
% des personnes avec chaque résultat
Percentile par nombre de réponses
Votre historique - résultats
Vous n’avez pas pris ce quiz depuis la dernière actualisation